000 02384nam a22002297a 4500
003 URS
005 20250205185209.0
008 250130b |||||||| |||| 00| 0 eng d
050 0 0 _aLG 221.R59
_b.M8561 2024
100 1 _aMota, Ma. Cristina Caadan
_eResearcher
245 1 0 _aEnhancing reading comprehension of grade 8 students through explicit vocabulary instruction /
_cMa. Cristina Caadan Mota
260 1 _c2024
300 _axii, 62 leaves;
_billustrations,
_c28 cm.
336 _2rdacontent
_atext
337 _2rdamedia
_aunmediated
338 _2rdacarrier
_avolume
502 _aGSTHESIS
_bMaster of Arts in Teaching Major in English
_cUniversity of Rizal System, Rodriguez, Rizal
_d2024
520 _aExplicit vocabulary instruction is a direct method of teaching vocabulary words. This type of instruction teaches students strategies to decipher the meaning of new words, to make use of the vocabulary themselves and to practice using the words in different contexts both verbally and in writing that results in stronger independent reading skills This study aimed to enhance the reading comprehension skills of Grade 8 students through the implementation of explicit vocabulary instruction at Maligaya High School for the School Year 2022-2023. The research employed a mixed method sequential explanatory design and random sampling technique in determining the participants of the study Explicit vocabulary instruction was utilized in the experimental group while the control group received conventional teaching lessons. The study revealed a significant improvement in reading comprehension skills within the experimental group, emphasizing the positive impact of explicit vocabulary instruction. The sample was selected through simple random sampling, comprised 60 students from a total 240 students who were under the "frustration" level, who served as respondents for the study. A purposive sampling technique was utilized for 15 participants to determine their feedback in using explicit vocabulary instruction. Data collection involved the use of the Phil-IRI test, along with teacher-made instruments, including a 50-item multiple-choice pretest and posttest, and a questionnaire for interview purposes.
650 _2Explicit Vocabulary-Comprehension Skills-High School-Philippines.
700 _aSoliguen, Stephen P., Ed.D
_eAdviser
942 _2lcc
_cT
999 _c81973
_d81972